000 00497nam a2200169Ia 4500
999 _c26016
_d26016
003 OSt
005 20201209121316.0
008 190216s9999||||xx |||||||||||||| ||und||
040 _coclc
082 _a894.812
_bMUN/R
100 _aMundassery, Joseph
_91940
245 0 _aRaaja Raajante Maattoli /
_cJoseph Mundassery
260 _bCurrent Books,
_aTrissur:
_c1984.
300 _a100p
650 _aSahithya Vimarshanam
942 _cBK
_2ddc
_h894.812
_iMUN/R
_k894.812
_mMUN/R